Normal view
MARC view
Entry Personal Name
001 - CONTROL NUMBER
- control field: 226
003 - CONTROL NUMBER IDENTIFIER
- control field: OSt
005 - DATE AND TIME OF LATEST TRANSACTION
- control field: 20260211102348.0
008 - FIXED-LENGTH DATA ELEMENTS
- fixed length control field: 260211|| aca||aabn | a|a d
040 ## - CATALOGING SOURCE
- Original cataloging agency: OSt
- Transcribing agency: OSt
100 ## - HEADING--PERSONAL NAME
- Personal name: Pauig, Xenia Zioneka A
670 ## - SOURCE DATA FOUND
- Source citation: Work cat.: (OSt)2508: Lago, Elpedia M. 225, Introduction to culinary arts /, c2022